| 000 | 00481nam a2200181Ia 4500 | ||
|---|---|---|---|
| 008 | 240925s9999 xx 000 0 und d | ||
| 020 | _a28018095 | ||
| 082 | _a494 LIS | ||
| 100 | _aLister ,Euugene C. | ||
| 245 | 0 | _aElectronic Circuit and Machine | |
| 250 | _a7th | ||
| 260 |
_aCalifornia: _bBrooks/Cole Cengagae Learning _c,1993. |
||
| 300 |
_axv, 447p. _bNA _fOriginal |
||
| 500 | _aIncludes Index | ||
| 600 | _aElectronic Engineering | ||
| 650 | _aTechnology | ||
| 942 | _cBK | ||
| 999 |
_c2531 _d2531 |
||